Statistics for Canadian Provinces and Territories by Cities

Click here to take the quiz!

General Stats

  • This quiz has been taken 50 times
    (38 since last reset)
  • The average score is 12 of 13

Answer Stats

CitiesProvince or Territory% Correct
Val-d'Or, Laval, MontrealQuebec
100%
Thunder Bay, Ottawa, TorontoOntario
97%
Banff, Calgary, EdmontonAlberta
93%
Kamloops, Victoria, VancouverBritish Columbia
93%
Dauphin, Portage la Prairie, WinnipegManitoba
93%
New Glasgow, Sydney, HalifaxNova Scotia
93%
Montague, Summerside, CharlottetownPrince Edward Island
90%
Swift Current, Estevan, ReginaSaskatchewan
90%
Pine Point, Fort Resolution, YellowknifeNorthwest Territories
87%
Carmacks, Hootalinqua, WhitehorseYukon
87%
Moncton, Saint John, FrederictonNew Brunswick
83%
Churchill Falls, Happy Valley-Goose Bay, Labrador CityNewfoundland and Labrador
83%
Ennadai, Arviat, Whale CoveNunavut
77%

Score Distribution

Percentile by Number Answered

Percent of People with Each Score

Your Score History

You have not taken this quiz since the last reset